Organic photochemistry and photobiology
Сохранить в:
| Формат: | |
|---|---|
| Язык: | Undetermined |
| Опубликовано: |
London
CRC Press
2004
|
| Предметы: | |
| Метки: |
Добавить метку
Нет меток, Требуется 1-ая метка записи!
|
| Thư viện lưu trữ: | Trung tâm Học liệu Trường Đại học Cần Thơ |
|---|
| LEADER | 00539nam a2200181Ia 4500 | ||
|---|---|---|---|
| 001 | CTU_65956 | ||
| 008 | 210402s9999 xx 000 0 und d | ||
| 020 | |b 9900000 | ||
| 082 | |a 547.135 | ||
| 082 | |b O.68 | ||
| 245 | 0 | |a Organic photochemistry and photobiology | |
| 245 | 0 | |c William Horspool, Francesco Lenci edited by | |
| 260 | |a London | ||
| 260 | |b CRC Press | ||
| 260 | |c 2004 | ||
| 650 | |a Photochemistry,Quang hoá học | ||
| 650 | |x Handbook, manuals, etc,Sổ tay | ||
| 980 | |a Trung tâm Học liệu Trường Đại học Cần Thơ | ||